000 01325nam a2200229Ia 4500
003 AR-RoIUNI
005 20210316103807.0
007 ta
008 150616s1998 ag r 000 0 spa d
020 _a9509693499
040 _cIUNIR
080 _a304
100 1 _aPampliega de Quiroga, Ana‏.
245 1 0 _aCrisis, procesos sociales, sujeto y grupo :
_bdesarrollos en psicología social a partir del pensamiento de Enrique Pichon-Rivière /
_cAna P. de Quiroga.
250 _a1a ed.
260 _aBuenos Aires :
_bEdiciones cinco,
_c1998.
300 _a184 p. ;
_c20 cm
505 0 _aRelaciones sociales, procesos de crisis y cambio y subjetividad -- Psicología social: balances y desafíos en la década del 90 -- Identidad y sujeto situado -- Vigencia del pensamiento de enrique Pichon-Rivière -- Subjetividad y procesos sociales -- El grupo, sostén y determinante del psiquismo -- Formación, proceso social y acontecer grupal -- El grupo: espacio de encuentro o alienación -- Algunas reflexiones sobre grupo y grupo operativo -- La dialéctica: fundamento y método en el pensamiento de Enrique Pichon-Rivière -- La psicología social pichoniana y el discurso de los nuevos paradigmas -- Los criterios de salud mental.
650 4 _aPSICOLOGÍA
_9108
650 4 _aPSICOLOGÍA SOCIAL
_9439
942 _cBK
_2cdu
999 _c2063
_d2063